| 000 | 01518nam a2200229Ia 4500 | ||
|---|---|---|---|
| 003 | Ost | ||
| 005 | 20260507075242.0 | ||
| 008 | 260507s9999||||xx |||||||||||||| ||und|| | ||
| 040 | _cfsecg | ||
| 041 | _aara | ||
| 082 | _a330 | ||
| 100 |
_aالظاهر، نعيم ابراهيم _eمؤلف |
||
| 245 | 0 |
_aالنظم الادارية : _bالمفهوم -الاساسيات -المبادئ-الأهمية / _c نعيم ابراهيم الظاهر |
|
| 260 |
_aاربد: _bعالم الكتب الحديث, _c2009 |
||
| 300 |
_a354 صفحة؛ _bإيضاحات ؛ _c24 سم |
||
| 504 | _aمراجع ص.346؛ اشكال : لكل شكل ص؛جداول : لكل جدول ص. | ||
| 520 | _a1)ماهية النظم الادارية : في المفاهيم الادارية ، مفاهيم النظم ، الهيكل التنظيمي في الادارة المعاصرة ، العناصر البيئية المؤثرة في المنظمة 2) الاتجاهات الحديثة للنظم الادارية 3)نظم أتمتة المكاتب 4) نظم دعم القرار 5) الذكاء الصناعي و النظم الخبيرة 6) نظم المعلومات الادارية : إدارة المعلومات ، تطوير و بناء نظم المعلومات ، من أبرز الخصائص السياسية للدول الغربية و المتقدمة . | ||
| 653 | _aالإدارة | ||
| 653 | _aتقنيات الإدارة | ||
| 653 | _aنظم المعلومات- المؤسسة الممتدة | ||
| 942 | _cكتاب | ||
| 999 |
_c43626 _d43626 |
||